Handbook of institutional advancement (Registro nro. 311546)
[ vista simple ]
| 000 -ENCABEZADO | |
|---|---|
| Número de control [NR] | 01708cam a2200313 a 4500 |
| 001 - NÚMERO DE CONTROL | |
| control field | 14489150 |
| 005 - FECHA Y HORA DE LA ÚLTIMA TRANSACCIÓN | |
| control field | 20190318144801.0 |
| 008 - DE LONGITUD FIJA DE DATOS DE ELEMENTOS - INFORMACIÓN GENERAL | |
| Elementos de longitud fija [NR] | 190318s2000 dcua b 001 0 eng d |
| 010 ## - NUMERO DE CONTROL DE LA BIBLIOTECA DEL CONGRESO (LC) [NR] | |
| Número de control LC [NR] | 2006280297 |
| 020 ## - NUMERO INTERNACIONAL NORMALIZADO PARA LIBROS [R] | |
| Número Internacional Normalizado del libro [NR] | 0899643515 |
| 020 ## - NUMERO INTERNACIONAL NORMALIZADO PARA LIBROS [R] | |
| Número Internacional Normalizado del libro [NR] | 9780899643519 (3a.Ed.) |
| 035 ## - NUMERO DE CONTROL DEL SISTEMA [R] | |
| Número de control del sistema [NR] | (OCoLC)ocm45113691 |
| 040 ## - FUENTE DE CATALOGACION [NR] | |
| Agencia de catalogación original [NR] | CO-BoUCM |
| Quien Cataloga | Saul Niño |
| Quien Clasifica | Saul Niño |
| Idioma de catalogación [NR] | spa |
| 041 0# - CODIGO DE IDIOMA [R] | |
| Código de idioma para texto/pista de sonido o título separado [R] | Inglés |
| 245 00 - MENCION DE TITULO [NR] | |
| Título [NR] | Handbook of institutional advancement |
| Mención de responsabilidad, etc. [NR] | Peter McE. Buchanan, editor |
| 250 ## - MENCION DE EDICION [NR] | |
| Mención de edición [NR] | Tercera edición |
| 260 ## - PUBLICACION, DISTRIBUCION, ETC. (PIE DE IMPRENTA) [R] | |
| Lugar de publicación, distribución, etc. [R] | [Washington, D.C.] |
| Nombre del editor, distribuidor, etc. [R] | Case |
| Fecha de publicación, distribución, etc. [R] | 2000 |
| 300 ## - DESCRIPCION FISICA [R] | |
| Extensión [R] | xix, 564 páginas |
| Otros detalles físicos [NR] | ilustraciones |
| 505 0# - NOTA DE CONTENIDO CON FORMATO PREESTABLECIDO [R] | |
| Nota de contenido con formato preestablecido [NR] | The environment and the changing face of advancement / Peter McE. Buchanan, editor -- Leadership and management / Eric C. Johnson, editor -- Communications / Roger L. Williams, editor -- Alumni relations / Steve Grafton, editor -- Educational fund raising / Michael J. Worth, editor -- Marketing and advancement / Larry D. Lauer, editor -- Advancement services / John H. Taylor, editor -- Advancement on special sectors of education / Patricia King Jackson, editor -- The role of key institutional leaders in advancement / Linda Weimer, editor. |
| 546 ## - NOTA DE IDIOMA [R] | |
| Nota de idioma [NR] | Texto en inglés |
| 650 #7 - ASIENTO SECUNDARIO DE MATERIA - TERMINO TEMATICO [R] | |
| Término temático o nombre geográfico como elemento de entrada [NR] | Comunicación en la administración pública |
| Subdivisión general [R] | Relaciones publicas |
| Subdivisión geográfica [R] | Estados Unidos |
| 9 (RLIN) | 11362 |
| 650 #7 - ASIENTO SECUNDARIO DE MATERIA - TERMINO TEMATICO [R] | |
| Término temático o nombre geográfico como elemento de entrada [NR] | Relaciones públicas |
| Subdivisión geográfica [R] | Estados Unidos |
| 9 (RLIN) | 23471 |
| 650 #7 - ASIENTO SECUNDARIO DE MATERIA - TERMINO TEMATICO [R] | |
| Término temático o nombre geográfico como elemento de entrada [NR] | Planificación empresarial |
| Subdivisión general [R] | Relaciones publicas |
| Subdivisión geográfica [R] | Estados Unidos |
| 9 (RLIN) | 21660 |
| 650 #7 - ASIENTO SECUNDARIO DE MATERIA - TERMINO TEMATICO [R] | |
| Término temático o nombre geográfico como elemento de entrada [NR] | Administración de empresas |
| 9 (RLIN) | 435 |
| 700 1# - ASIENTO SECUNDARIO - NOMBRE PERSONAL [R] | |
| Nombre personal [NR] | Buchanan, Peter McE. |
| Término de relación [R] | editor |
| 9 (RLIN) | 95830 |
| 710 2# - ASIENTO SECUNDARIO - NOMBRE CORPORATIVO [R] | |
| Nombre corporativo o de jurisdicción como elemento de entrada [NR] | Council for Advancement and Support of Education |
| 9 (RLIN) | 95831 |
| 942 ## - ELEMENTOS DE ENTRADA AGREGADOS (KOHA) | |
| Sistema de clasificación | DEWEY |
| Tema principal | Administración |
| Tipo de ítem principal el descrito en 300a | Libro |
| Edición | 1 |
| Clasificación | 659.2937873 |
| Parte restante de la signatura top. | H236I |
| Signatura topográfica | Código de barras | Última vez visto | Volúmen / Fascículo | Ejemplar | Costo de reposición | Price effective from | Tipo de ítem | Perdido | Sistema de clasificación | Dañado | No prestable | Tipo de ítem específico | Suprimido | Ubicación habitual | Ubicación actual | Localización | Fecha de creación | Proveedor | Forma de adquisición | Costo |
|---|---|---|---|---|---|---|---|---|---|---|---|---|---|---|---|---|---|---|---|---|
| 659.2937873 H236I | 100159380 | 04/12/2025 | 3a.Ed. | Ej.1 | 349900.00 | 13/03/2019 | Libro | DEWEY | Libro | Claustro | Claustro | 4to piso | 13/03/2019 | 37 | Compra | 349900.00 | ||||
| 659.2937873 H236I | 100159400 | 04/12/2025 | 3a.Ed. | Ej.2 | 349900.00 | 13/03/2019 | Libro | DEWEY | Libro | Claustro | Claustro | 4to piso | 13/03/2019 | 37 | Compra | 349900.00 |